| 000 | 00870nam a22002777a 4500 | ||
|---|---|---|---|
| 003 | OSt | ||
| 005 | 20260430151310.0 | ||
| 008 | 260430b |||||||| |||| 00| 0 eng d | ||
| 020 | _a978-93-49531-06-2 | ||
| 037 | _cReference | ||
| 040 |
_aFEDL _beng _cFEDL |
||
| 041 |
_ahin _hhin |
||
| 082 | _a181.4 SHA/RR | ||
| 100 |
_aSharma, Raj Kishore, Ed. _91235179 |
||
| 245 |
_aBharatiya aarogye gyan [Hindi] / _cedited by Raj Kishore Sharma; Meenakshi Sharma. |
||
| 260 |
_aNew Delhi _bKitabwale _c2025 |
||
| 300 | _a70p. | ||
| 365 |
_aINR _b210.00 |
||
| 490 | _vKhand- 4 | ||
| 650 | _2PHILOSOPH OF INDIA | ||
| 650 |
_aANCIENT WISDOM AND MODERN INSIGHTS _91235897 |
||
| 650 |
_aAYURVEDA AND YOGA _91235898 |
||
| 700 |
_asharma, Meenakshi, Ed. _91235240 |
||
| 942 |
_2ddc _cREF _h181.4 SHA/RR _n0 |
||
| 999 |
_c1848660 _d1848660 |
||